000 01102cam a2200241 4500
008 030606n2003 000 0 eng u
020 _a0862974879
035 _a(Sirsi) u122549
041 _aeng
050 _a333.333
_c18
110 _aNational Housing Federation
_9695
245 _aValuing for all seasons
_ba practical guide to valuation for housing associations
260 _aLondon
_bNHF
_c2003
300 _aiv, 66p.
_c30cm.
350 _a45
520 _aThis book is aimed at those working for or with housing associations and seeks to demystify the valuation of social housing in plain English. Divided into six key sections the text considers definitions of valuations, applications of those definitions, methods of valuation, key ingredients of valuations, the education and regulation of valuers, and the valuation process itself.
650 _aHOUSING ASSOCIATIONS
650 _aREGISTERED SOCIAL LANDLORDS
650 _aSOCIAL HOUSING
690 _aPROPERTY-RESIDENTIAL PROPERTY-RESIDENTIAL PROPERTY APPRAISAL AND VALUATION
710 _aDrivers Jonas
_91941
942 _n0
999 _c102880
_d102880